Partial differential equations

Salvato in:
Dettagli Bibliografici
Autore principale: Evans, Lawrence C (Autore)
Natura: Libro
Lingua:inglese
Pubblicazione: Providence American Mathematical Society 2010
Edizione:2a. ed
Serie:Graduate Studies in Mathematics, 19
Soggetti:
Tags: Aggiungi Tag
Nessun Tag, puoi essere il primo ad aggiungerne!!

MARC

LEADER 00000cam a2200000 a 4500
001 UCF5180
003 CL-VaPUC
008 130123e20100000US |||||||||||||||||eng|d
020 |a 9780821849743 
082 0 4 |a 515.353  |b EVA  |2 21 
100 0 |a Evans, Lawrence C  |e author  |9 566972 
245 1 0 |a Partial differential equations 
250 |a 2a. ed 
300 |a 749 p 
942 |c BK 
945 |d 20130123 00:00:00  |a cmena 
260 |a Providence  |b American Mathematical Society  |c 2010 
650 0 |a Ecuaciones diferenciales  |9 260083 
650 0 |a Ecuaciones diferenciales parciales   |9 269889 
583 |a last modification  |c 20130123 11:39:00  |k Rodrigo Vera 
490 0 |a Graduate Studies in Mathematics, 19 
999 |c 350779  |d 350777 
952 |0 0  |1 0  |4 0  |6 515_353000000000000_EVA_2010  |7 0  |8 A  |9 454490  |a BIBMAT  |b BIBMAT  |d 2019-11-22  |i 4948130  |l 12  |m 6  |o 515.353 EVA 2010  |p 4948130  |r 2025-03-10  |s 2025-01-03  |w 2019-11-22  |y BK  |k MAT